| 000 | 00450nam a2200157 4500 | ||
|---|---|---|---|
| 001 | 120899 | ||
| 003 | ES-MaACL | ||
| 005 | 20230906191639.0 | ||
| 007 | t| | ||
| 008 | 070214s1919 it r ||||1| ita d | ||
| 100 | 1 |
_aPrato, Giuseppe. _993687 |
|
| 245 | 1 | 3 |
_aLa terra ai contadini รณ la terra agli impiegati? / _cGiuseppe Prato. |
| 260 |
_aMilano : _b[s. n.], _c1919 ( _fTip. Treves) |
||
| 300 |
_a152 p. ; _c19 x 12 cm. |
||
| 852 |
_aES-MaACL _jD-678 |
||
| 999 |
_c120899 _d120899 |
||